01365nabaa22002177a 4500999001500000003000400015005001700019008004100036040000700077100002700084245019100111300001300302500003700315505046600352505008900818650003200907650004200939700002700981773012601008942001301134 c6314d6314OSt20260130190337.0190701b xxu||||| |||| 00| 0 spa d cPJ 96989aGrandal, Marcos 13aLa supresión de la figura del pronto despacho en la reconfiguración del silencio administrativo en la Ley Nacional de Procedimiento Administrativo /cMarcos Grandal, Camila Kusnier.  ap. 51-59 aCita: TR LALEY AR/DOC/2041/2025  aSumario: I. Introducción.— II. La figura del pronto despacho y el instituto del silencio negativo previo a su modificación por la ley 27.742.— III. Las modificaciones introducidas a la figura del pronto despacho y el instituto del silencio negativo por la ley 27.742. Incorporación del silencio positivo.— IV. Consideraciones sobre el nuevo paradigma del instituto del pronto despacho en el reclamo administrativo previo.— V. Reflexiones finales.  t¿Te interesa el texto completo? Comunicate al correo: koha@justierradelfuego.gov.ar 09211aDERECHO ADMINISTRATIVO 093532aSILENCIO DE LA ADMINISTRACIÓN 96992aKusnier, Camila 0 0284293251dBuenos Aires : AbeledoPerrot, 2012-oDA121tDerecho administrativo. Nº 161 septiembre/octubre 2025z18510590 2udccANA